[Event "Dos Hermanas"]
[Site "Dos Hermanas"]
[Date "1992.??.??"]
[Round "1"]
[White "Yudasin, Leonid"]
[Black "Hodgson, Julian M"]
[Result "1-0"]
[WhiteElo "2580"]
[BlackElo "2545"]
[Annotator "Stohl,I"]
[PlyCount "79"]
[EventDate "1992.05.??"]
[EventType "tourn"]
[EventRounds "9"]
[EventCountry "ESP"]
[EventCategory "10"]
[SourceTitle "CBM 031"]
[Source "ChessBase"]
[SourceDate "1992.12.01"]
[SourceVersion "1"]
[SourceVersionDate "1992.12.01"]
[SourceQuality "1"]

1. e4 d6 2. d4 Nf6 3. Nc3 c6 (3... e5 4. dxe5 dxe5 5. Qxd8+ Kxd8 6. Nf3 Bd6 7.
Bc4 Be6 8. Bb3 $5 {N} Nbd7 9. Be3 Bb4 10. Ng5 Bxb3 11. axb3 Ke7 12. f3 c6 13.
Ke2 Bc5 14. Bxc5+ Nxc5 15. b4 Ncd7 16. Nd1 Nh5 17. g3 g6 18. Ne3 Nb6 19. Nh3
Ng7 20. Nf2 Ne6 21. c3 {Dreev,A-Stangl,M,Brno 1992-CBM 31} a6 $10) 4. f3 $5 e5
(4... Qc7 $5 5. Be3 e5 6. Qd2 Nbd7 7. Bc4 $6 b5 8. Bb3 a6 9. Nge2 Bb7 10. Ng3
g6 11. O-O-O Nb6 12. dxe5 dxe5 13. Bg5 Be7 14. Bh6 a5 15. a4 b4 16. Nce2 c5 $36
{Rudolf,M-Gawronski,M,Warsaw op 1992-EXP 28}) 5. dxe5 dxe5 6. Qxd8+ Kxd8 7. Bc4
Ke8 (7... Be6 8. Bxe6 fxe6 9. Nh3 $14 {/\Nf2-d3}) 8. Nge2 Nbd7 (8... b5 $5 9.
Bb3 a6 10. a4 Bb7 $13 {/\Nbd7-c5}) 9. a4 $14 {()_|_} a5 10. g4 $1 (10. Be3 Bc5
$10) 10... Nc5 (10... Bc5 11. Ng3 {/\g5|^}) 11. h4 Be6 12. Bxe6 Nxe6 13. h5 Bc5
(13... Nd4 $6 14. Nxd4 exd4 15. Ne2 c5 16. b3 {/\Nf4->>>}) 14. Nd1 Ke7 $6 (
14... Nd4 $142 15. Nxd4 Bxd4 16. c3 Bc5 17. Ne3 $14) 15. Ne3 g6 (15... Bxe3 16.
Bxe3 $36 {/\Ng3-f5,Ra3-b3}) 16. Nc4 $1 $16 Nd7 (16... gxh5 17. g5 Nd7 18. Rxh5
$16 {><e5,h7}) 17. Bd2 b6 (17... Nd4 18. Nxd4 Bxd4 19. Nxa5 Bxb2 20. Rb1 $18)
18. O-O-O Rhc8 $2 (18... f6 19. Rh2 $16) 19. Bc3 {><e5} b5 (19... f6 $2 20.
hxg6 hxg6 21. Rh7+ $18) 20. axb5 cxb5 21. Nxe5 (21. Nxa5 $2 b4 $19) 21... Nxe5
22. Bxe5 b4 (22... f6 23. Bg3 g5 24. Nc3 $18) 23. hxg6 hxg6 24. f4 $40 b3 25.
Rd3 a4 (25... bxc2 26. Nc3 $18) 26. Nc3 a3 $5 27. Nd5+ Kd7 $8 (27... Ke8 28.
Nf6+ Kf8 29. Rh8+ Kg7 30. Nh5#) 28. Nb6+ Kc6 29. Nxa8 a2 (29... Rxa8 30. bxa3
Bxa3+ 31. Kb1 $18) 30. Kd2 Rxa8 31. Ra1 $18 Bb4+ 32. Kd1 Nc5 33. Rd4 Kb5 34. g5
(34. Bd6 $2 Rh8 $132) 34... Ra4 (34... Re8 35. cxb3 $1 Nxb3 36. Rxb4+ Kxb4 37.
Rxa2 $18) 35. Bd6 Kc6 36. Bxc5 Kxc5 37. cxb3 Ra7 38. Rc4+ Kb5 39. Ke2 {/\Kf3,
f5+-} Bc5 $6 40. Ra4 {[Stohl]} 1-0

[Event "Barcelona"]
[Site "Barcelona"]
[Date "1992.05.??"]
[Round "8"]
[White "Kortschnoj, Viktor Lvovich"]
[Black "Rivas Pastor, Manuel"]
[Result "1/2-1/2"]
[WhiteElo "2585"]
[BlackElo "2520"]
[Annotator "Stohl,I"]
[PlyCount "88"]
[EventDate "1992.05.??"]
[EventType "tourn"]
[EventRounds "11"]
[EventCountry "ESP"]
[EventCategory "13"]
[SourceTitle "CBM 030"]
[Source "ChessBase"]
[SourceDate "1992.10.01"]
[SourceVersion "1"]
[SourceVersionDate "1992.10.01"]
[SourceQuality "1"]

1. d4 d6 2. e4 Nf6 3. f3 e5 4. d5 (4. dxe5 dxe5 5. Qxd8+ Kxd8 6. Bc4 Be6 7.
Bxe6 fxe6 8. Be3 (8. Nh3 Bd6 9. Ke2 Ke7 10. Be3 h6 11. Nd2 Nc6 12. c3 g5 13.
Nf2 Rhg8 14. g4 (14. h4 $5 $36) 14... Nd8 $1 15. a4 Nf7 16. b4 a6 17. Nb3 Nh7
18. Nd3 Nf8 19. Na5 b6 20. Nb3 Ng6 $132 {Alterman,B-Akopian,V,Beersheba
1992-CBM 30}) 8... Nbd7 9. Nd2 Bc5 $6 (9... Bd6 $14) 10. Bxc5 Nxc5 11. Nc4 Ncd7
12. Nh3 Ne8 13. O-O-O Ke7 14. Rd2 b5 15. Rhd1 bxc4 16. Rxd7+ Kf6 17. Nf2 $18 {
Spassky,B-Rivas Pastor,M,Salamanca 1991-CBM 23}) 4... c6 5. c4 Qb6 6. Nc3 Be7
7. Qe2 {N} (7. Nge2 $5 O-O 8. Ng3 cxd5 (8... a5 9. Na4 Qa7 10. Qb3 $1 $16 {
/\Be3}) 9. Na4 $1 Qc7 10. cxd5 Bd7 11. Be3 Rc8 12. Nc3 Na6 13. Be2 Bd8 14. O-O
Qa5 15. Kh1 $14 {(),->>>,Kasparov,G-Wahls,M,Baden-Baden simul 1992-CBM 28})
7... Nbd7 (7... O-O 8. Be3 Qc7 9. Qd2 {(),/\g4,Ne2-g3->>>}) 8. Be3 Nc5 (8... c5
$6 9. g4 $36) 9. Qd2 O-O (9... Qa5 {/\Nb3} 10. Rb1 $1 $16) (9... Qc7 $5 10. b4
Na6 11. a3 {()}) 10. Na4 $14 Qa6 11. Nxc5 dxc5 12. b3 (12. Bd3 cxd5 13. cxd5 c4
$132) 12... Ne8 13. Ne2 (13. Rc1 $5 Nd6 14. Ne2 {/\Nc3} (14. Bxc5 $2 Nxe4 $17)
14... cxd5 15. cxd5 b6 16. Nc3 $36) 13... cxd5 $5 14. cxd5 b5 $132 15. Ng3 (15.
a4 Bd7 16. Nc3 c4 $13) (15. Rc1 $142 c4 16. bxc4 bxc4 17. Nc3 (17. Ng3 Qa3 $1
$36) 17... Nd6 18. Be2 Bd7 $13) 15... c4 16. Be2 Qa3 (16... cxb3 $142 $5 17.
Qb2 (17. O-O bxa2 18. Qxa2 Qb7 19. Rfb1 Bd7 $15) (17. a4 Bd7 18. O-O (18. Qb2
$2 Qa5+ 19. Bd2 Bb4 $19) 18... Qb7 $15) 17... Ba3 $5 (17... Qa5+ 18. Kf2 $16) (
17... bxa2 18. Qxb5 Qxb5 19. Bxb5 Rb8 20. Bxe8 Rxe8 21. Rxa2 $16) 18. Qxb3 Nd6
19. O-O Bd7 $13) 17. O-O Bc5 18. Kh1 (18. Bxc5 Qxc5+ 19. Kh1 c3 20. Qc2 Rb8 $15
) 18... Bxe3 19. Qxe3 Nd6 20. f4 (20. Qc3 $6 f6 {/\b4,c3}) 20... Qb2 $8 (20...
exf4 $2 21. Qxf4 $16 {/\e5[+]}) 21. bxc4 (21. Qc5 Rd8 $13 {/\Qd4,ef4,Qe5} (
21... Nxe4 22. Nxe4 Qxe2 23. Rfe1 $146)) 21... bxc4 22. Rab1 (22. Qc5 Nxe4 23.
Nxe4 Qxe2 24. Rfe1 Qb2 $1 $13) 22... Qd4 $8 23. Qxd4 exd4 24. e5 d3 $8 25. exd6
(25. Bxd3 cxd3 26. exd6 Rd8 27. Rfd1 Ba6 28. Ne4 Bc4 $10) 25... dxe2 26. Rfe1
$14 {_|_} Rd8 (26... Bg4 27. h3 $16) 27. Rxe2 Ba6 28. Re7 c3 (28... Rxd6 $2 29.
Rxa7 $1 $16 {/\Nf5}) 29. Rc1 Rxd6 (29... Rac8 30. Rxa7 Rxd6 31. Nf5 $18) 30.
Rxc3 Rxd5 31. h3 {/\Rcc7,Ra7} h5 32. Rcc7 h4 33. Ne4 Rf5 34. Nd6 Rxf4 35. Nxf7
Rc8 $8 36. Rxa7 $6 (36. Rxc8+ Bxc8 37. Nd6 Bf5 38. Rxa7 Bd3 $14) 36... Bf1 $1
$10 37. Ng5 Bxg2+ 38. Kh2 (38. Kxg2 Rc2+ 39. Kg1 Rc1+ $10) 38... Bb7 $1 39.
Rxg7+ (39. Raxb7 Rc2+ 40. Kg1 Rc1+ $10) 39... Kxg7 (39... Kh8 $5 $10) 40. Ne6+
Kf6 41. Nxf4 Rc2+ 42. Kg1 Bc6 {עg1,Ph3} 43. Ra5 Rc4 44. Ne2 (44. Nd5+ Bxd5 45.
Rxd5 Rc1+ $10) (44. Nd3 Rc3 45. Nf2 Rg3+ $10) 44... Bf3 (44... Bf3 45. Kf2 Bxe2
46. Kxe2 Rc3 $10 {[Stohl]}) 1/2-1/2

[Event "Dortmund op-A"]
[Site "Dortmund"]
[Date "1992.??.??"]
[Round "9"]
[White "Ibragimov, Ildar"]
[Black "Azmaiparashvili, Zurab"]
[Result "0-1"]
[WhiteElo "2515"]
[BlackElo "2610"]
[Annotator "Stohl,I"]
[PlyCount "70"]
[EventDate "1992.04.??"]
[EventType "swiss"]
[EventRounds "11"]
[EventCountry "GER"]
[SourceTitle "CBM 029"]
[Source "ChessBase"]
[SourceDate "1992.08.01"]
[SourceVersion "1"]
[SourceVersionDate "1992.08.01"]
[SourceQuality "1"]

1. d4 d6 2. Nf3 g6 3. e4 Bg7 4. c3 Nf6 5. Bd3 O-O 6. Bg5 (6. O-O Bg4 $5 (6...
Nbd7 7. Bg5 h6 8. Bh4 e5 9. Nbd2 Qe8 10. Re1 Nh5 11. Bf1 Kh8 12. Nc4 Nb6 13.
Na5 Rb8 14. dxe5 dxe5 15. Nd2 Be6 16. b4 f5 17. exf5 gxf5 18. Nab3 Nf4 19. Bg3
Ng6 20. f3 Nd5 $13 {Ulibin,M-Norwood,D,Prestwich 1990-CBM 18}) (6... Nc6 7. Re1
(7. Bg5 {-6.Bg5}) 7... e5 8. h3 a6 9. Nbd2 Nh5 10. Nb3 h6 11. Bf1 b6 12. g3 Nf6
13. Bg2 Bb7 14. a4 a5 15. d5 Ne7 16. Nbd2 c6 17. dxc6 Bxc6 18. Nh2 Qc7 19. Ng4
Nxg4 20. hxg4 d5 $10 {Davies,N-Larsen,B,London WFW 1991-CBM 24}) 7. Na3 Nc6 8.
Nc2 e5 9. h3 Bd7 10. Bd2 a5 11. Re1 Re8 12. a4 Qc8 13. dxe5 Nxe5 14. Nxe5 dxe5
15. Bc4 {Krasenkov,M-Azmayparashvili,Z,St.Barbara 1992} Be6 $10) 6... h6 (6...
Nc6 7. Nbd2 h6 8. Bh4 Qe8 (8... Nh5 9. O-O Nf4 10. Bc2 Qe8 11. Nc4 e5 12. Re1
g5 $6 13. Bg3 Bg4 14. Ne3 Bh5 15. Nf5 Ne7 16. Bxf4 gxf4 17. Ba4 $16 {Davies,
N-Sznapik,A,Haifa ETC 1989-TD89_12}) 9. O-O Nh5 10. Re1 e5 11. dxe5 dxe5 12.
Bc4 Kh8 13. Bg3 Bd7 14. b4 Qe7 15. Nf1 Nxg3 16. hxg3 a5 $10 {Tuo Hong
Thong-Benjamin,J,Novi Sad olm 1990-TD90_06}) 7. Bh4 Bg4 $5 8. Nbd2 (8. h3 Bd7 {
/\Nh5,g5} 9. Bg3 (9. e5 Nh5 10. O-O Nc6 $13) 9... Nc6 10. O-O Nh5 11. Bh2 e5
$10 {ץh2}) 8... Nh5 9. O-O Qd7 10. Re1 (10. h3 $2 Bxh3 $1 11. gxh3 Nf4 12. Bg3
(12. Nc4 Qxh3 $19) 12... Nxd3 13. Nc4 b5 $17) 10... e5 11. h3 Nf4 (11... Bxf3
12. Nxf3 g5 13. Nh2 $14) 12. Bf1 Bh5 13. dxe5 (13. Qc2 $5 Nc6 14. Bg3 $13 {
/\Bf4[+]}) 13... dxe5 14. g4 $5 (14. Qb3 $10) 14... g5 $8 15. gxh5 (15. Bg3 Bg6
$15) (15. Bxg5 $5 hxg5 (15... Nxh3+ 16. Bxh3 Bxg4 17. Nxe5 $18) 16. gxh5 $13 {
/\Nh2-g4}) 15... gxh4 16. Nxh4 Kh7 $146 (16... Nxh3+ 17. Bxh3 Qxh3 18. Nf5 Rd8
19. Qf3 $16) 17. Nc4 (17. Nf5 $5 Rg8 18. Nc4 Qe6 19. Re3 Nc6 $13) 17... Nxh3+
$1 18. Bxh3 (18. Kh2 $142 $5 Qxd1 19. Raxd1 Nxf2 20. Rd2 $146) 18... Qxh3 19.
Nf5 Bf6 20. Re3 Rg8+ 21. Rg3 (21. Ng3 $6 Bg5 22. Rf3 Bf4 $17) 21... Nc6 22. Qf3
Rxg3+ 23. fxg3 $2 (23. Nxg3 $142 Qe6 $132) 23... Rg8 $36 {><e4,g3} 24. Nce3 Nd8
{/\Ne6-g5,Bd8,c6,Bb6->} 25. Nd5 Bg5 26. Rf1 Ne6 {/\c6,Bf4-+} 27. Rf2 Bd8 $1 28.
Nde3 (28. Rh2 $8 Qg4 $17) 28... Ng5 $19 29. Qe2 (29. Qg2 Qxh5 $19) 29... Nxe4
30. Rg2 Bg5 {/\Be3} 31. Ng4 Rd8 $1 32. Rh2 (32. Qxe4 Rd1+ 33. Kf2 Rd2+ 34. Kg1
Rxg2+ 35. Qxg2 Qxg4 $19) 32... Rd2 33. Qxd2 (33. Rxh3 Rxe2 34. Nxe5 Rxb2 35.
Nxf7 Rxa2 $19 {צh3}) 33... Qxg4 34. Qd7 $8 Be3+ 35. Kg2 (35. Kf1 Qf3+ 36. Ke1
Bf2+ $19) 35... Qe2+ (35... Qe2+ 36. Kh3 Ng5+ $19 {[Stohl]}) 0-1

[Event "Prague Chip"]
[Site "Prague"]
[Date "1992.??.??"]
[Round "13"]
[White "Smagin, Sergey"]
[Black "Pekarek, Ales"]
[Result "1-0"]
[WhiteElo "2550"]
[BlackElo "2455"]
[Annotator "Stohl,I"]
[PlyCount "133"]
[EventDate "1992.01.??"]
[EventType "tourn"]
[EventRounds "13"]
[EventCountry "CZE"]
[EventCategory "11"]
[SourceTitle "CBM 027"]
[Source "ChessBase"]
[SourceDate "1992.04.01"]
[SourceVersion "1"]
[SourceVersionDate "1992.04.01"]
[SourceQuality "1"]

1. e4 d6 2. d4 Nf6 3. Nc3 c6 4. f4 Qa5 5. Bd3 e5 6. Nf3 Bg4 7. Be3 Nbd7 (7...
exd4 8. Bxd4 Qb4 9. Be2 $1 (9. a3 Qxd4 10. Nxd4 Bxd1 11. Rxd1 g6 $1 {N} 12. Bc4
$10 {1/2:1/2,Ernst,T-Jansa,V,Gausdal Troll Masters 1991-TD 91_06}) 9... Nxe4
10. O-O d5 11. Nxe4 (11. a3 $5 Qd6 12. Ng5 $1 Bxe2 13. Qxe2 f5 14. Ncxe4 fxe4
15. f5 $40 {Renet,O-Jonker,G,Groningen op 1991}) 11... dxe4 12. c3 Qxb2 13. Re1
$1 f5 14. a4 Nd7 15. Ng5 Bc5 16. Bxg4 Qxc3 $8 17. Bxc5 Qxc5+ 18. Kh1 Nf6 19.
Qb3 O-O-O 20. Rab1 $16 {Glek,I-Pribyl,J,BL 9091}) 8. O-O (8. Qd2 Be7 (8... Bxf3
9. gxf3 g6 10. O-O-O Bg7 11. Kb1 a6 12. Qf2 exd4 13. Bxd4 O-O 14. Bf1 Rad8 15.
h4 c5 16. Be3 Nh5 17. Nd5 $16 {Zakharcov,V-Dmitriev,I,URS-sf Voronez 1991}) 9.
O-O-O O-O-O 10. Kb1 Rhe8 11. Qf2 exf4 12. Bxf4 Nf8 13. Rde1 Ne6 14. Be3 Bh5 15.
h3 Bg6 $14 {(),Spiriev,P-Horvath,Jo,Budapest Cansys 1991-EXP 23}) 8... Be7 9.
Kh1 $5 {N} (9. h3 Bxf3 10. Qxf3 O-O 11. Ne2 $14 {^^->>>} c5 $6 12. dxe5 dxe5
13. Nc3 $1 Rac8 14. Bb5 exf4 15. Bxf4 Nb6 16. e5 Ne8 17. Qxb7 Nc7 18. e6 $1 $16
{Renet,O-Moskalenko,V,St.Martin op 1991}) 9... exd4 (9... O-O 10. dxe5 dxe5 11.
f5 Nc5 12. h3 Bxf3 13. Qxf3 {/\g4->}) 10. Bxd4 Nc5 (10... O-O 11. h3 Bxf3 12.
Qxf3 $16) 11. Qe1 $1 Nxd3 (11... O-O $6 12. Nd5 $1 Qd8 13. Nxe7+ Qxe7 14. Bxc5
dxc5 15. e5 $16) 12. cxd3 Bxf3 (12... Qc7 $142 $5 $14) 13. Rxf3 Qb4 14. Qg1 $16
{[+]->>>} O-O 15. Ne2 (15. g4 $5 $36) 15... Rfe8 16. Ng3 g6 $8 17. Raf1 Nd7 18.
a3 (18. Bc3 $142 $16) 18... Qb3 19. Qf2 f6 20. h4 (20. Bc3 {/\d4,f5}) 20... c5
21. Bc3 d5 $5 {<=>} 22. exd5 Qxd5 23. f5 Ne5 $8 24. Bxe5 Qxe5 25. Ne4 Rf8 26.
Re1 {/\fg6,Nf6+-} (26. fxg6 hxg6 27. Nxf6+ Kg7 $1 $14) 26... Bd6 27. Nxd6 (27.
g3 Qd5 $1 $8 {/\} 28. fxg6 hxg6 29. Nxf6+ $4 Rxf6 $19) 27... Qxd6 28. Re6 $36
Qd5 29. Qe3 Kg7 (29... Rad8 30. fxg6 hxg6 31. Rfxf6 Rxf6 32. Rxf6 Qxd3 33. Qe6+
$18) 30. h5 g5 31. h6+ Kg8 (31... Kxh6 32. Rxf6+ $1 Rxf6 33. Rh3+ Kg7 34. Qxg5+
Rg6 35. Rxh7+ Kxh7 36. fxg6+ $18) 32. Re7 (32. Rxf6 $2 Rxf6 33. Qxg5+ Rg6 $19)
32... Rf7 33. Re6 Rd8 34. Qc1 {עg8} Qd4 35. Rfe3 Qh4+ 36. Kg1 Qd4 (36... Qxh6
$142 $5 37. Qxc5 b6 38. Qc4 Kg7 39. Re7 Rdf8 $14) 37. Qc4 $1 {/\Re8+-} Qxc4 $8
38. dxc4 Rdd7 39. Re8+ Rf8 40. R8e7 Rf7 41. Re8+ Rf8 42. R3e6 $1 $18 Rd2 (42...
Rd4 43. R6e7 Rxe8 44. Rxe8+ Kf7 45. Rh8 $18) 43. b4 cxb4 44. axb4 Rd4 45. R6e7
Rxe8 $8 46. Rxe8+ Kf7 47. Rh8 Rxc4 48. Rxh7+ Kg8 49. Rg7+ $1 Kh8 50. Rxb7 Rf4
51. Rxa7 Rxb4 (51... Rxf5 52. Rb7 Rf4 53. b5 Rb4 54. b6 f5 55. Kf2 $18) 52. Rf7
Rf4 (52... Rb6 53. Kh2 {/\Kg3-g4-h5-g6+-}) 53. Rxf6 Kh7 54. Kh2 Rh4+ 55. Kg3
Rf4 56. Ra6 $1 Rxf5 57. Kg4 Rb5 58. Kh5 g4+ (58... Rc5 59. Ra7+ Kh8 60. g4 Rd5
61. Kg6 Rd6+ 62. Kxg5 $18) 59. Kxg4 Rb4+ 60. Kh5 Rb5+ 61. Kh4 Rc5 (61... Rb4+
62. g4 $18) 62. g4 Rb5 63. g5 Rb4+ 64. Kh5 Rb5 65. Ra7+ Kg8 66. Rg7+ Kh8 67.
Re7 (67. Re7 Rc5 68. Kg4 Rc4+ 69. Kf5 Rc5+ 70. Re5 {/\g6}) 1-0

[Event "Aruba"]
[Site "Aruba"]
[Date "1992.??.??"]
[Round "4"]
[White "Polgar, Zsuzsa"]
[Black "Polgar, Sofia"]
[Result "1-0"]
[WhiteElo "2530"]
[BlackElo "2415"]
[Annotator "Stohl,I"]
[PlyCount "61"]
[EventDate "1992.03.??"]
[EventType "tourn"]
[EventRounds "9"]
[EventCountry "NAU"]
[EventCategory "11"]
[SourceTitle "CBM 030"]
[Source "ChessBase"]
[SourceDate "1992.10.01"]
[SourceVersion "1"]
[SourceVersionDate "1992.10.01"]
[SourceQuality "1"]

1. e4 g6 2. d4 Bg7 3. Nc3 d6 4. Be3 Nf6 5. f3 c6 (5... Nbd7 $5 6. Qd2 c5 7.
Nge2 (7. d5 $142 a6 8. a4 $14) 7... Qa5 8. g4 b5 9. Ng3 b4 10. Nce2 Nb6 11. b3
Nfd7 12. Bh6 Bxh6 13. Qxh6 cxd4 14. Nxd4 Qc5 15. Rd1 {Kislov,M-Czerwonska,B,
Warszawa LEG op 1992-EXP 28} Bb7 $13 {/\0-0-0}) 6. Qd2 b5 7. Bd3 (7. O-O-O $5
Qa5 8. Kb1 Nbd7 9. Nh3 Nb6 10. Bh6 Bxh6 11. Qxh6 Bxh3 12. Qxh3 O-O 13. Qh6 Nc4
14. Ne2 $13 {Klovan,Y-Gufeld,E,URS-ch 1963}) (7. g4 Nbd7 (7... h5 $5 8. g5 Nfd7
$13) 8. a4 $5 b4 9. Nce2 a5 10. g5 Nh5 11. Ng3 Nxg3 12. hxg3 c5 13. Rd1 Qc7 14.
Bb5 Ba6 15. Bxd7+ Qxd7 16. dxc5 Bxb2 17. Bd4 Bxd4 18. Qxd4 O-O-O 19. Rh2 $13 {
Mokry,K-Jansa,V,Warszawa zt 1987-CBM 03}) (7. a3 Nbd7 8. Nh3 $5 O-O 9. Nf2 Nb6
10. Bh6 a5 11. g4 e5 12. Bxg7 Kxg7 13. Ncd1 Qc7 14. Ne3 d5 15. dxe5 Qxe5 16.
Nd3 $13 {Cardoso,R-Pfleger,H,Manila 1974}) (7. Nge2 Nbd7 8. g4 Nb6 9. b3 Qc7
10. Bg2 Bb7 11. a4 a6 12. O-O Rd8 13. Ng3 h5 14. g5 Nfd7 15. f4 b4 16. Nce2 h4
17. Nh1 h3 18. Bf3 c5 $132 {Blatny,P-Piket,J,Groningen 1985}) 7... Nbd7 (7...
O-O 8. Nge2 Nbd7 9. O-O (9. g4 $5 $13) 9... a6 10. Nd1 e5 11. c3 c5 12. Nf2 Bb7
13. a4 c4 14. Bc2 d5 $132 {Zhuravlev,V-Kochiev,A,St.Petersburg 1992-CBM 30}) 8.
a3 {N} (8. a4 b4 9. Nd1 a5 10. Ne2 O-O 11. O-O e5 12. c3 d5 13. Nf2 bxc3 14.
bxc3 Re8 15. Rab1 Ba6 16. Bxa6 Rxa6 17. Qd3 Ra8 18. Rb7 Rb8 19. Rfb1 Rxb7 20.
Rxb7 Qa8 {Small,V-Cuijpers,F,Dieren op 1988-TD 88_10}) 8... a6 9. g4 c5 $1 10.
dxc5 (10. g5 Ng4 $1 11. fxg4 cxd4 12. Bxd4 Bxd4 13. Bxb5 Bg7 $36 {~/=}) (10. d5
Ne5 $13) 10... Nxc5 11. Nge2 Bb7 (11... h5 $5 12. g5 Nfd7 $132) 12. Bh6 Bxh6
13. Qxh6 Qc7 (13... Qb6 $5 $13 {/\b4|^}) 14. Qe3 (14. O-O-O O-O-O $10) 14... d5
$5 15. exd5 Nxd5 16. Nxd5 Bxd5 17. O-O-O Bb7 (17... O-O-O $142 $10) 18. Nc3 O-O
$6 19. h4 $36 Rac8 20. h5 {/\hg6+-} Nxd3+ 21. Rxd3 a5 22. b4 $5 (22. hxg6 fxg6
$132) (22. Qh6 e6 {/\b4<=>}) 22... axb4 23. axb4 $16 e5 (23... Qc4 24. Qh6 Qe6
$8 25. Kb2 {/\hg6_|_ק}) 24. Rhd1 $1 {<->d,><b5,e5} Qe7 25. h6 $1 Rfe8 (25...
Qxb4 26. Qxe5 f6 27. Qe6+ Kh8 28. Qd7 Rg8 29. Qxb5 $18) 26. Rd6 {/\Nb5} Bc6 27.
g5 $18 {()} Qc7 28. R1d3 Ba8 29. f4 Bg2 (29... exf4 30. Qd4 $18) 30. fxe5 Qe7
31. e6 $1 {/\Qe5 [Stohl]} (31. e6 fxe6 32. Rd7 Qxb4 33. Qe5 Re7 34. Rd8+ $18)
1-0

[Event "Biel"]
[Site "Biel"]
[Date "1992.??.??"]
[Round "8"]
[White "Georgiev, Kiril"]
[Black "Hansen, Curt"]
[Result "1/2-1/2"]
[WhiteElo "2610"]
[BlackElo "2635"]
[Annotator "Stohl,I"]
[PlyCount "72"]
[EventDate "1992.07.??"]
[EventType "tourn"]
[EventRounds "14"]
[EventCountry "SUI"]
[EventCategory "16"]
[SourceTitle "CBM 031"]
[Source "ChessBase"]
[SourceDate "1992.12.01"]
[SourceVersion "1"]
[SourceVersionDate "1992.12.01"]
[SourceQuality "1"]

1. d4 d6 2. e4 Nf6 3. Nc3 g6 4. g3 Bg7 5. Bg2 O-O 6. Nge2 e5 7. h3 (7. O-O Nc6
$1 8. dxe5 (8. h3 $6 exd4 9. Nxd4 Nxe4 $15) 8... dxe5 $10) 7... Nc6 (7... c6 8.
a4 Na6 9. O-O exd4 10. Nxd4 Re8 (10... Nb4 11. a5 $1 Re8 12. Ra4 Na6 13. Re1
Qe7 14. Re2 Bd7 15. Ra1 Red8 16. Bf4 Nh5 17. Be3 c5 18. Nd5 Qf8 19. Nf3 Bc6 {
De la Villa,J-Chernin,A,Pamplona 1991-CBM 28} 20. c3 $16) 11. Nb3 $5 {N} Be6
12. Bf4 Bxb3 $1 13. cxb3 Nc5 14. Re1 Nh5 15. Be3 (15. Bxd6 Nxb3 $36) 15... a5
16. Qc2 {1/2:1/2,Timoshenko,G-Beim,V,Voskresensk 1992-CBM 31} Qb6 $10) 8. Be3
Bd7 9. O-O (9. Qd2 exd4 10. Nxd4 Nxd4 11. Bxd4 c5 12. Be3 Bc6 13. O-O Re8 14.
Qd3 b5 $5 15. Nxb5 Bxb5 16. Qxb5 Nxe4 17. Rad1 Rb8 18. Qd3 f5 19. Bxe4 fxe4 20.
Qd5+ Kh8 $132 {Hickl,J-Knaak,R,Thessaloniki olm 1988 TD 88_06}) 9... a6 (9...
Re8 10. Re1 Qc8 11. Kh2 exd4 12. Nxd4 Re5 $5 13. Nf3 Rh5 14. Nh4 Ne5 (14... g5
15. Nf5 Bxf5 16. exf5 Qxf5 17. Nd5 $16) 15. f4 Nc4 16. Bc1 Qd8 17. Rf1 Rxh4 $5
18. gxh4 Nh5 19. Qe1 Bf6 20. Rf3 $14 {Panno,O-Hoi,C,Manila olm 1992}) (9...
exd4 10. Nxd4 Nxd4 (10... a6 $142 $5 11. a4 {-10.a4}) 11. Bxd4 c5 12. Be3 Bc6
13. e5 (13. Qd3 $5 $36) 13... dxe5 14. Bxc6 bxc6 15. Bxc5 Re8 16. Qxd8 Rexd8
17. Rfd1 Nd5 18. Na4 $14 {_|_,Prandstetter,E-Glianets,A,Ceske Budejovice op
1992}) 10. dxe5 (10. a4 exd4 $5 (10... Re8 11. d5 $1 Ne7 12. f4 (12. Qd2 $14 {
()}) 12... exf4 13. Nxf4 b5 $1 14. Bd4 b4 15. Nce2 Nc8 16. g4 h6 17. Ng3 Nb6
18. b3 c5 19. dxc6 Bxc6 20. e5 Nfd5 $132 {Djurhuus,R-Watson,W,Oslo Cup
1991-CBM 23}) 11. Nxd4 Re8 12. Re1 Nb4 13. g4 c5 14. Nde2 Bc6 15. Ng3 b6 (15...
b5 $5 $13) 16. g5 Nd7 17. f4 Nf8 18. Re2 Qc7 19. Qc1 Rad8 $132 {Svidler,
P-Hennigan,M,Oakham 1992-CBM 30}) 10... Nxe5 $5 (10... dxe5 11. Qd2 Be6 12. Nd5
$14) 11. b3 Re8 (11... Qc8 $5 12. Kh2 Re8 $13 {/\} 13. f4 $4 Neg4+ $19) 12. Nd5
(12. f4 Nc6 13. Bf2 b5 14. a3 a5 $1 $132) 12... Nxd5 13. exd5 h5 $1 14. Bd4 (
14. f4 $2 Nc4 $17) (14. Qd2 $2 Bxh3 $1 $17) 14... c5 15. dxc6 $8 (15. Bc3 Bb5
$36) 15... Bxc6 16. Bxc6 $6 (16. Nf4 {/\Nd5} Qg5 $13) 16... bxc6 $15 17. Kg2 (
17. Nf4 h4 18. g4 Qf6 $17) 17... Qd7 18. Ng1 (18. f4 c5 19. Bxe5 (19. fxe5 cxd4
$17) 19... Qc6+ 20. Kh2 dxe5 $17 {׻}) (18. c4 c5 19. Bc3 h4 $36 {/\} 20. g4 $2
Nxg4 $17) 18... c5 19. Bxe5 $8 (19. Bc3 Qc6+ 20. f3 Ng4 $19) 19... Rxe5 20. Qf3
Rae8 21. Rad1 Rf5 (21... d5 22. Rd2 $15 {/\Re2,Rfd1}) 22. Qd3 Qc6+ 23. f3 d5
24. Rfe1 Rfe5 25. Rxe5 Rxe5 26. Rd2 c4 27. Qf1 (27. bxc4 dxc4 28. Qd8+ Kh7 $17
{><a2}) 27... h4 28. Ne2 (28. g4 Bh6 29. Re2 Be3 30. Qe1 d4 $36) 28... hxg3 (
28... Bh6 $5 $36) 29. Nxg3 Bh6 30. Re2 Rxe2+ $6 (30... Be3 31. f4 d4+ 32. Qf3
Qxf3+ 33. Kxf3 Ra5 $15) 31. Qxe2 Bf4 32. bxc4 $10 Bxg3 (32... dxc4 33. Qe4 Qc7
34. Ne2 $10) 33. Kxg3 dxc4 34. Qe5 {[+]} Qa4 35. Qb8+ Kh7 36. Qf4 Kg8 {[Stohl]}
(36... Kg7 37. Qe5+ $10) 1/2-1/2

[Event "Tel Aviv"]
[Site "Tel Aviv"]
[Date "1992.??.??"]
[Round "6"]
[White "Smirin, Ilia"]
[Black "Beim, Valery"]
[Result "1-0"]
[WhiteElo "2545"]
[BlackElo "2485"]
[Annotator "Stohl,I"]
[PlyCount "57"]
[EventDate "1992.04.??"]
[EventType "tourn"]
[EventRounds "11"]
[EventCountry "ISR"]
[EventCategory "11"]
[SourceTitle "CBM 030"]
[Source "ChessBase"]
[SourceDate "1992.10.01"]
[SourceVersion "1"]
[SourceVersionDate "1992.10.01"]
[SourceQuality "1"]

1. e4 d6 2. d4 Nf6 3. Nc3 c6 4. f4 Qa5 5. Bd3 e5 6. Nf3 Bg4 (6... Nbd7 7. Qe2
Be7 8. Bd2 Qc7 9. O-O O-O 10. Kh1 exd4 11. Nxd4 Nc5 12. Nb3 Nxd3 13. cxd3 Re8
14. Rae1 Bf8 15. Qf3 $14 {[+],Brodsky,M-Gaspariants,V,Katowice op 1992}) 7. Be3
Nbd7 (7... exd4 8. Bxd4 Qb4 9. Be2 $1 Nxe4 10. O-O $146 {->}) 8. O-O (8. Qd2 $5
$14) 8... Be7 9. Qe1 $5 {N} (9. Kh1 $5 exd4 10. Bxd4 Nc5 11. Qe1 Nxd3 12. cxd3
Bxf3 13. Rxf3 Qb4 14. Qg1 O-O 15. Ne2 Rfe8 16. Ng3 g6 17. Raf1 $40 {Smagin,
S-Pekarek,A,Prague Chip 1992-CBM 27}) (9. h3 Bxf3 10. Qxf3 O-O 11. Ne2 (11. g4
exf4 12. Bxf4 Qb6 13. Ne2 Ne5 $132 {Danek,L-Pribyl,M,Morava D 1991-EXP 24})
11... Rfe8 12. c3 b5 13. a3 Qc7 14. Rf2 a5 15. Raf1 b4 16. Ng3 Bf8 17. Nf5 $40
{Pektor,A-Adamek,Z,CS-ch Praha 1992}) 9... Bxf3 10. Rxf3 Ng4 11. Bd2 Qb6 (11...
exd4 $6 12. Nd5 (12. Nb5 Qd8 $8 13. Nxd4 $16 {()}) 12... Qd8 13. Nxe7 Qxe7 14.
Qg3 $16) 12. Ne2 exd4 (12... Qxb2 13. Rb1 Qxa2 14. Rxb7 $40) 13. Ba5 $1 Qxb2
14. Rb1 Qxa2 15. Nxd4 $146 {->} (15. Rxb7 Nc5 $13) 15... Bh4 (15... O-O $2 16.
Rxb7 Bd8 17. Bxd8 Rfxd8 18. Nxc6 $18) (15... Nc5 16. Nf5 $40) (15... Bf6 16.
Nf5 O-O 17. h3 $16) 16. Qxh4 $1 (16. g3 Bf6 17. Nf5 $146) 16... Qxb1+ 17. Rf1
Qb2 $8 18. Nf5 Ngf6 19. Nxg7+ Kf8 20. Nf5 $16 {/\Qh6,Nd6} b6 21. Qh6+ Ke8 22.
Be1 $1 Kd8 23. Bf2 $5 (23. Bh4 Kc7 24. e5 dxe5 25. Bxf6 $16) 23... Kc7 (23...
c5 24. Bh4 $18) 24. Bd4 Qb4 25. c3 $1 Qa3 26. Bxf6 Nxf6 27. Qxf6 Rhd8 28. Nd4
$18 Rd7 $6 (28... Qxc3 $2 29. Nb5+ $18) (28... Qc5 29. Qxf7+ Rd7 30. Qb3 $18)
29. Bb5 $1 {/\Bc6 [Stohl]} 1-0